000 00651nam a22002057a 4500
999 _c4871
_d4871
003 AR-CdUCM
008 190311b ||||| |||| 00| 0 spa d
040 _aMUNICIPALIDAD PROVINCIAL DEL CUSCO
_cBIBLIOTECA MUNICIPAL DEL CUSCO
082 _a869.56 /
_bR94
100 _aRumrrill, Róger
_99886
245 _aMemorias desde un otoño /
260 _aLima :
_b ITALPERU,
_c1975.
300 _a129 páginas ;
_bilustraciones,
_c19 cm.
500 _aDonación de la familia Nieto. Dedicatoria del Autor al Luis Nieto
650 _aPoesía
_9444
650 _aPoesía peruana
_9806
650 _aSiglo XX
_98
942 _2ddc
_cLIBROS
945 _araen